000 00887nam a22003017a 4500
003 CHAP
005 20220329133515.0
008 971013s1988 mxa r 00010 spa d
010 _a7174
011 _a8146
035 _a7371
040 _cCHAP
082 _a972.5
_bD5
100 0 0 _aDiechtl, Sigrid.
_932504
245 1 _aCae una estrella
_b: desarrollo y destrucción de la Selva Lacandona
260 _aMéxico, D.F. :
_bSecretaría de Educación Pública,
_c1988
300 _a118 p.
_b: ilus.
490 _aFrontera
500 _a64-141
590 _aBATCH-UPD
_b10
_c20130110
_lUCH01
_h1240
590 _aCONVERSION
_b10
_c20130109
_lUCH01
_h1305
650 1 4 _aLacandones.
_964320
650 1 4 _aSelvas
_xChiapas.
_9103823
830 0 _aFrontera
_943561
901 _aBK
942 _cLIBRO
949 _a972.5 D5
_bBC
_cLIBRO
_d33724000138400
_eLIBRO
_gI. c/e
_h83911
_i7371
_si
_t10.00
999 _c7174
_d7174